Word Ladder: Rumours Quiz Stats

 Plays Quiz Updated Apr 28, 2015

Challenge
Share
Tweet
Embed
Score 0/18 Timer 02:00
0 Plays Today
Clue 4-Letter Word % Correct
Lion's locksMANE
96.4%
♪ I Don't ____ to Know ♪♪ WANT ♪
94.4%
Decrease or recedeWANE
90.1%
♪ Second ____ News ♪♪ HAND ♪
88.3%
Music makersBAND
85.7%
♪ You ____ Loving Fun ♪♪ MAKE ♪
84.8%
♪ Never Going ____ Again ♪♪ BACK ♪
84.6%
Shakespeare, e.g.BARD
82.1%
Chop or access a computerHACK
81.4%
Clue 4-Letter Word % Correct
Fleming's JamesBOND
78.4%
Daring or forwardBOLD
74.5%
A unit of yarnHANK
71.7%
♪ Song____♪ BIRD ♪
71.3%
Go on and onRANT
69.8%
Restrain or secureBIND
68.8%
♪ ____ Dust Woman ♪♪ GOLD ♪
66.7%
Safe place?BANK
66.4%
Hierarchy levelRANK
64.8%

Today's Daily Dose

Quick Pick
The Muppets

On This Day
December 19th II

You're not logged in!

Compare scores with friends on all Sporcle quizzes.
OR
Log In

You Might Also Like...

Show Comments

Extras

Top Quizzes Today


Score Distribution

Your Account Isn't Verified!

In order to create a playlist on Sporcle, you need to verify the email address you used during registration. Go to your Sporcle Settings to finish the process.

Report this User

Report this user for behavior that violates our Community Guidelines.

Details: